000 00651nam a2200181 a 4500
001 000035942
003 DO-SdBNP
005 20210419092345.0
008 110620s1963 dr ac r 000 0 spa d
040 _aDO-SdBNP
_bspa
_cBNPHU
082 _axxxx
_bE96
111 2 _aExposición Bienal de Artes Plásticas
_n(11va :
_d19 de agost. 1963 :
_cSanto Domingo)
_961966
245 1 0 _aDécima Primera Exposición Bienal de Artes Plásticas.
260 _aCuidad Trujillo, República Dominicana :
_bMinisterio de Educación y Bellas Artes y Cultos,
_c[1963].
300 _a40 p. :
_bil., retrs. ;
_c17 cm.
590 _aInventariado, 2018/LP
942 _2ddc
_cLBS1
999 _c35433
_d35433